| 000 | 00949nam a22002297a 4500 | ||
|---|---|---|---|
| 999 |
_c64550 _d64550 |
||
| 005 | 20240530110737.0 | ||
| 008 | 180904s2005 ua g 000 0 ara d | ||
| 017 |
_a2005/21007 _bمصر. دار الكتب |
||
| 040 |
_aEG-CaGPL _cEG-CaGPL |
||
| 082 | 0 | 4 |
_221 _a216/ _bك إ |
| 100 | 1 | _aكاسترى، هنرى دى | |
| 245 | 1 | 2 |
_aالاسلام : _bخواطر وسوانح / _cتاليف هنرى دى كاسترى ؛ ترجمة احمد فتحى زغلول |
| 260 |
_aالقاهرة : _bالمجلس الاعلى للثقافة، _c2005. |
||
| 300 |
_a161 ص. ؛ _c24 سم + _eملاحق. |
||
| 490 | 0 |
_aالمشروع القومى للترجمة ؛ _v978. |
|
| 650 | 0 | 7 |
_2qrmak _aالاسلام |
| 650 | 0 | 7 |
_2qrmak _aالاسلام _xدفع مطاعن |
| 650 | 0 | 7 |
_2qrmak _aالاسلام والاصلاح الدينى |
| 700 | 0 |
_aاحمد فتحى زغلول _eمترجم |
|
| 942 |
_2ddc _cBK |
||